|
|
|
|
| LEADER |
00000nam a2200000 a 4500 |
| 001 |
vtls008690081 |
| 003 |
SK-MaSNL |
| 005 |
20260301205458.0 |
| 007 |
co cgu |
| 008 |
240315s2006 xo fsp 000 0 slo |
| 015 |
|
|
|a SNBS2006
|
| 020 |
|
|
|a 8080734550
|
| 040 |
|
|
|a SNK
|b slo
|c SNK
|e AACR2
|
| 041 |
0 |
|
|a slo
|
| 044 |
|
|
|a xo
|c SK
|
| 072 |
|
7 |
|a 621.3
|x Elektrotechnika
|2 konspekt
|
| 080 |
|
|
|a 621.311
|2 2001
|
| 080 |
|
|
|a (075.8)
|2 2001
|
| 080 |
|
|
|a (0.034.44)
|2 2001
|
| 100 |
1 |
|
|a Cimbala, Roman,
|d 1962-
|4 aut
|9 110453
|
| 245 |
1 |
0 |
|a Elektrická časť elektrární
|h elektronický zdroj
|c Roman Cimbala
|
| 250 |
|
|
|a [1. vyd.]
|
| 256 |
|
|
|a Elektronické dokumenty
|
| 260 |
|
|
|a Košice
|b Technická univerzita
|c 2006
|
| 300 |
|
|
|a 1 elektronický optický disk (CD-ROM)
|c 12 cm
|
| 650 |
0 |
7 |
|a elektrárne
|2 SNKPH
|9 26895
|
| 650 |
0 |
7 |
|a napájacie zdroje
|2 SNKPH
|9 84920
|
| 655 |
|
7 |
|a učebnice vysokých škôl
|2 SNKPH
|9 70191
|
| 655 |
|
7 |
|a CD-ROM
|2 SNKPH
|9 70236
|
| 919 |
|
|
|a 80-8073-455-0
|
| 999 |
|
|
|c 910232
|d 912162
|
| 952 |
|
|
|a SNK
|b SNK
|y PREZ
|7 0
|p 17A0505749
|o snkSCDM 921
|i snk2006/7447
|8 0
|0 0
|1 0
|4 0
|d 2006-04-11
|l 0
|r 2026-02-24 07:41:18
|w 2026-02-24
|